000 00542nam a22001817i 4500
999 _c23545
_d23545
003 AR-CdUCM
008 260306b20242024 pe||||| |||| 00| 0 spa d
020 _a978-612-4299-49-0
040 _aMUNICIPALIDAD PROVINCIAL DEL CUSCO
_cBIBLIOTECA MUNICIPAL DEL CUSCO
041 _hspa
082 _aEP / 869.56
_bE82
100 _aEslava, Jorge y Morey, Felipe
_952380
245 _aEl Barón de la Peste /
260 _aCallao-Lima :
_bAna Loli
_c2024
300 _a149 páginas. :
_c22x15 cm.
942 _2ddc
_cLIBROS
945 _apbjr
_d06-03-2026